Super pendus - Villes du monde n°2 - Statistiques

Statistiques générales
  • Ce quiz a été pris 2 204 fois
  • Le résultat moyen est 36 sur 58
Statistiques - réponses
Réponses % Correct
I
85%
I
85%
I
85%
I
85%
O
77%
O
77%
O
77%
O
77%
O
77%
O
77%
O
77%
O
77%
O
77%
O
77%
O
77%
O
77%
O
77%
O
77%
L
64%
L
64%
L
64%
L
64%
L
64%
U
63%
U
63%
U
63%
S
61%
S
61%
S
61%
S
61%
M
60%
M
60%
M
60%
N
59%
N
59%
N
59%
N
59%
R
54%
T
54%
T
54%
T
54%
T
54%
T
54%
C
50%
C
50%
C
50%
Y
49%
Y
49%
B
47%
K
45%
K
45%
K
45%
H
44%
H
44%
G
43%
G
43%
V
22%
Q
11%
Aucun quiz correspondant
Distribution des résultats
% des personnes avec chaque résultat
Percentile par nombre de réponses
Votre historique - résultats
Vous n’avez pas pris ce quiz